000 00600nam a22002297a 4500
003 UA-OsUOA
001 33299
007 ta
008 20050211b un ||||| |||| 00| 0 ukr d
090 _a311.3(477)
_bС78
942 _cBK
040 _aUA-OsUOA
_bukr
_cUA-OsUOA
_dUA-OsUOA
245 _aСтатистичний щорічник України за 2003 рік
_cРед. О.Г.Осауленко
300 _a631 с.
955 _a0
041 _aukr
080 _a311.3(477)
020 _a966-8459-06-7
260 _aКиїв
_bКонсультант
_c2004
044 _aUA
650 7 _2UDC
999 _c319762
_d319762